Prístav a pobrežie dovolenkového rezortu v Chorvátsku

Saved in:
Bibliographic Details
Main Author: Krajčovič, Tomáš (Author)
Other Authors: Ruhig, Roman (Thesis advisor)
Format: Manuscript Book
Language:Slovak
Published: 2024
Subjects:
Online Access:http://is.stuba.sk/zp/portal_zp.pl?podrobnosti=156849
Tags: Add Tag
No Tags, Be the first to tag this record!

MARC

LEADER 00000ntm a22000003a 4500
001 stuzp93817
003 SK-STU
005 20240629210734.3
007 ta
008 150427s2015----xo-----f-mn---000-0-slo-d
040 |a STU  |b slo 
041 0 |a slo 
100 1 |a Krajčovič, Tomáš  |u 010310  |4 aut  |U SvF Stavebná fakulta  |T SvF Katedra architektúry  |X 98342  |U V181|V310  |Y 19  |7 98342 
242 0 1 |a Marina and costal walkway of a holiday resort in Croatia  |y eng 
245 1 0 |a Prístav a pobrežie dovolenkového rezortu v Chorvátsku 
260 |c 2024 
650 4 |a prístav  |2 slo 
650 4 |a pobrežie  |2 slo 
650 4 |a reštaurácia  |2 slo 
650 4 |a kaviaren  |2 slo 
650 4 |a pobrežný chodník  |2 slo 
650 4 |a dovolenkový rezort  |2 slo 
650 4 |a marína  |2 slo 
650 4 |a marina  |2 eng 
650 4 |a restaurant  |2 eng 
650 4 |a costal walkway  |2 eng 
650 4 |a holiday resort  |2 eng 
650 4 |a coast  |2 eng 
700 1 |a Ruhig, Roman  |u 010310  |k Z1  |4 ths  |U SvF Stavebná fakulta  |T SvF Katedra architektúry  |X 7452  |U V181|V310  |Y 19  |7 A000007452 
856 4 |u http://is.stuba.sk/zp/portal_zp.pl?podrobnosti=156849